[Event "World Blitz 2023"]
[Site "Samarkand UZB"]
[Date "2023.12.29"]
[EventDate "2023.12.29"]
[Round "10.13"]
[Result "1-0"]
[White "Parham Maghsoodloo"]
[Black "Liam Vrolijk"]
[WhiteElo "2660"]
[BlackElo "2487"]
[PlyCount "104"]

1. c4 e6 2. Nc3 d5 3. d4 Bb4 4. cxd5 exd5 5. Bf4 Nf6 6. e3 c5 7. Ne2 c4 8.
a3 Be7 9. Bg5 O-O 10. g3 Be6 11. Bxf6 Bxf6 12. Bg2 Nc6 13. Nf4 Ne7 14. h4
Qd7 15. O-O g6 16. b3 Rac8 17. Rc1 Rfd8 18. bxc4 Rxc4 19. Nxe6 fxe6 20. Ne4
Rxc1 21. Nxf6+ Kg7 22. Nh5+ gxh5 23. Qxc1 Ng8 24. e4 dxe4 25. Qg5+ Kh8 26.
Bxe4 Qxd4 27. Bxb7 Nf6 28. Kg2 Rg8 29. Qa5 Qxh4 30. Re1 Qg4 31. Bf3 Qg7 32.
Rxe6 h4 33. Qe5 Rf8 34. Re7 Qg6 35. Rxa7 hxg3 36. fxg3 Qc2+ 37. Kh3 Qg6 38.
Ra4 Re8 39. Qc3 Qf5+ 40. Kg2 Re5 41. Rf4 Qe6 42. a4 Kg7 43. Qc7+ Kg6 44.
Qc2+ Kg7 45. Qb2 Kg6 46. Qc2+ Kg7 47. Rc4 Nd5 48. Kh2 Qh6+ 49. Rh4 Qf6 50.
Bxd5 Rxd5 51. Qxh7+ Kf8 52. Rf4 1-0

[Event "World Blitz 2023"]
[Site "Samarkand UZB"]
[Date "2023.12.29"]
[EventDate "2023.12.29"]
[Round "10.15"]
[Result "1/2-1/2"]
[White "Yuriy Kuzubov"]
[Black "Anton Smirnov"]
[WhiteElo "2487"]
[BlackElo "2647"]
[PlyCount "162"]

1. c4 e5 2. Nc3 Nc6 3. Nf3 g6 4. g3 Bg7 5. Bg2 d6 6. Rb1 a5 7. a3 f5 8. O-O
Nf6 9. b4 axb4 10. axb4 O-O 11. b5 Ne7 12. d3 h6 13. Qb3 Be6 14. Bb2 g5 15.
Ra1 Rb8 16. Nd2 Nd7 17. Qc2 h5 18. Ra7 Nc5 19. Nd5 h4 20. Nb3 hxg3 21. hxg3
Bxd5 22. cxd5 b6 23. d4 Nxb3 24. Qxb3 exd4 25. Rc1 Rc8 26. Qc2 d3 27. exd3
Bxb2 28. Qxb2 Ng6 29. Re1 Qf6 30. Qxf6 Rxf6 31. d4 Kg7 32. Bf1 Rf7 33. Rc1
Nf8 34. Bd3 Nh7 35. Kg2 g4 36. f4 gxf3+ 37. Kxf3 Ng5+ 38. Kf4 Nh3+ 39. Kf3
Ng5+ 40. Kf2 Nh3+ 41. Kg2 Ng5 42. Rf1 Rcf8 43. Ra2 f4 44. gxf4 Rxf4 45.
Rxf4 Rxf4 46. Rc2 Rxd4 47. Rxc7+ Kf6 48. Bf1 Rd2+ 49. Kg3 Ke5 50. Rb7 Ne4+
51. Kg4 Nf6+ 52. Kg3 Nxd5 53. Bg2 Ne3 54. Bf3 Nf5+ 55. Kh3 Rd3 56. Kg4 Ne3+
57. Kg5 Nc4 58. Be2 Rg3+ 59. Kh4 Rc3 60. Bxc4 Rxc4+ 61. Kg3 d5 62. Kf2 Kd4
63. Rxb6 Kd3 64. Rc6 Rb4 65. b6 d4 66. Kf3 Rb5 67. Rd6 Rf5+ 68. Kg4 Rf7 69.
Rc6 Ke4 70. Rc7 Rf6 71. b7 Rg6+ 72. Kh3 Rb6 73. Re7+ Kf3 74. Rf7+ Ke3 75.
Re7+ Kd2 76. Kg3 d3 77. Kf3 Kc2 78. Rc7+ Kd1 79. Ke3 d2 80. Rd7 Rb3+ 81.
Rd3 1/2-1/2

[Event "World Blitz 2023"]
[Site "Samarkand UZB"]
[Date "2023.12.29"]
[EventDate "2023.12.29"]
[Round "10.16"]
[Result "1-0"]
[White "Hans Moke Niemann"]
[Black "Grzegorz Nasuta"]
[WhiteElo "2614"]
[BlackElo "2467"]
[PlyCount "102"]

1. e4 e5 2. Nf3 Nc6 3. Bc4 Nf6 4. d3 Bc5 5. O-O a6 6. c3 Ba7 7. Re1 d6 8.
Nbd2 O-O 9. Nf1 h6 10. h3 Re8 11. Bd2 Na5 12. Bb3 Nxb3 13. axb3 c6 14. Ng3
Bb8 15. d4 Bc7 16. b4 Be6 17. Qc1 Kh7 18. c4 Qe7 19. Ra3 Rad8 20. Qc2 Kh8
21. Nh4 exd4 22. Ngf5 Qf8 23. Rg3 Nh5 24. Rxg7 Nxg7 25. Bxh6 Nxf5 26. Nxf5
Qg8 27. Bg7+ Qxg7 28. Nxg7 Kxg7 29. Qd2 c5 30. Qg5+ Kh7 31. f4 Rg8 32. Qh4+
Kg7 33. f5 Bxc4 34. Qe7 Bb8 35. bxc5 dxc5 36. e5 Rde8 37. Qf6+ Kf8 38. Qh6+
Ke7 39. Qb6 Rc8 40. Qf6+ Kd7 41. e6+ fxe6 42. fxe6+ Kc7 43. e7 b6 44. Qf3
Rce8 45. h4 Rg7 46. Qf8 Rg8 47. Qf6 Bd5 48. Re5 Bxg2 49. h5 Kb7 50. Rg5 Bd5
51. h6 Rxg5+ 1-0

[Event "World Blitz 2023"]
[Site "Samarkand UZB"]
[Date "2023.12.29"]
[EventDate "2023.12.29"]
[Round "10.17"]
[Result "0-1"]
[White "Ruslan Ponomariov"]
[Black "Venkataraman Karthik"]
[WhiteElo "2613"]
[BlackElo "2440"]
[PlyCount "84"]

1. d4 d5 2. c4 e6 3. Nc3 Nf6 4. cxd5 exd5 5. Bg5 c6 6. Qc2 g6 7. e3 Bf5 8.
Bd3 Bxd3 9. Qxd3 Nbd7 10. Nge2 Bg7 11. O-O O-O 12. f3 h6 13. Bh4 Re8 14.
Rad1 Qe7 15. Bf2 Rad8 16. Kh1 Nb6 17. b3 Rc8 18. Ng3 c5 19. dxc5 Qxc5 20.
Nb5 a6 21. Nd4 Qa5 22. a4 Nbd7 23. Nge2 Qb6 24. h3 Bf8 25. Rc1 Ba3 26. Rxc8
Rxc8 27. Nf4 Ne5 28. Qd1 Rc1 29. Qe2 Qc7 30. Rd1 Qc3 31. Kg1 g5 32. Nf5
gxf4 33. exf4 Ng6 34. Nxh6+ Kh7 35. Nxf7 Nxf4 36. Qf1 Qxb3 37. Rxc1 Bxc1
38. Kh2 Qc2 39. Bd4 N6h5 40. Ne5 Ne2 41. Qf2 Bf4+ 42. Kh1 Qd1+ 0-1

[Event "World Blitz 2023"]
[Site "Samarkand UZB"]
[Date "2023.12.29"]
[EventDate "2023.12.29"]
[Round "10.18"]
[Result "1-0"]
[White "Tigran L Petrosian"]
[Black "Mukhammadali Abdurakhmonov"]
[WhiteElo "2610"]
[BlackElo "2214"]
[PlyCount "150"]

1. Nf3 d5 2. g3 Nd7 3. Bg2 e5 4. O-O c6 5. d3 Ngf6 6. c4 dxc4 7. dxc4 Qc7
8. Qc2 Bc5 9. Nc3 O-O 10. b3 a5 11. Bb2 Re8 12. Rad1 Bf8 13. Na4 e4 14. Ng5
Ne5 15. Nxe4 Nxe4 16. Bxe4 Bh3 17. Bg2 Bxg2 18. Kxg2 Ng6 19. e3 Qe7 20. Qf5
Red8 21. h4 b5 22. Nb6 Rxd1 23. Rxd1 Rd8 24. Rxd8 Qxd8 25. Nd7 bxc4 26.
bxc4 h5 27. Nxf8 Nxf8 28. Qxh5 Qd2 29. Qe5 f6 30. Qc3 Qe2 31. c5 a4 32. a3
Ne6 33. Bc1 Qb5 34. Qb4 Nxc5 35. Bd2 Nd3 36. Qe4 Ne5 37. Bc3 Nc4 38. Qe6+
Kh7 39. Qe4+ Kg8 40. Qe8+ Kh7 41. h5 Qd5+ 42. Kh2 Qf5 43. f3 Qc2+ 44. Kh3
Qf5+ 45. Kg2 Nd6 46. e4 Qg5 47. Qe6 Nb5 48. Bb4 Nd4 49. Qc4 Qe3 50. Qf1 Nc2
51. Bd6 Nxa3 52. e5 fxe5 53. Bxa3 Qxa3 54. Qb1+ Kg8 55. Qb8+ Kf7 56. Qc7+
Qe7 57. Qxc6 a3 58. g4 Qa7 59. Qg6+ Kf8 60. h6 gxh6 61. Qxh6+ Kg8 62. Qg6+
Qg7 63. Qe8+ Qf8 64. Qg6+ Qg7 65. Qe8+ Kh7 66. Qh5+ Kg8 67. Qe8+ Qf8 68.
Qxe5 a2 69. Qg5+ Qg7 70. Qd5+ Qf7 71. Qg5+ Kf8 72. Qc5+ Ke8 73. Qc6+ Kd8
74. Qa8+ Ke7 75. Qa7+ 1-0

[Event "World Blitz 2023"]
[Site "Samarkand UZB"]
[Date "2023.12.29"]
[EventDate "2023.12.29"]
[Round "10.19"]
[Result "1/2-1/2"]
[White "Mittal Aditya"]
[Black "Alexandr Predke"]
[WhiteElo "2425"]
[BlackElo "2594"]
[PlyCount "110"]

1. e4 c5 2. Nf3 Nc6 3. c3 d5 4. exd5 Qxd5 5. d4 Bg4 6. Be2 cxd4 7. cxd4 e6
8. Nc3 Qa5 9. h3 Bxf3 10. Bxf3 Nf6 11. O-O Rd8 12. Be3 Be7 13. Qb3 Qb4 14.
Qxb4 Bxb4 15. Rfd1 a6 16. Rac1 O-O 17. a3 Be7 18. Bxc6 bxc6 19. Na4 Rc8 20.
Nb6 Rc7 21. Bf4 Rb7 22. Rxc6 Bd8 23. Nc4 Rb3 24. Bd6 Re8 25. Rc8 a5 26. Bc5
h5 27. Nd6 Rf8 28. Nxf7 Rxf7 29. Rxd8+ Kh7 30. Rd2 Rfb7 31. Rd6 Ne4 32. Re2
Nxd6 33. Bxd6 Rxb2 34. Re5 R2b5 35. Bc5 Rb1+ 36. Kh2 Rf7 37. f3 Rf5 38.
Rxe6 Rb2 39. h4 Rf7 40. Re5 g6 41. Kg3 Rc2 42. Re6 Rb7 43. Kh3 Rbb2 44.
Re7+ Kg8 45. g4 Rb3 46. Kg3 Rcc3 47. Kf4 Rxf3+ 48. Kg5 hxg4 49. Kxg6 Rb8
50. Rg7+ Kh8 51. Rh7+ Kg8 52. Rg7+ Kh8 53. Rh7+ Kg8 54. Rg7+ Kh8 55. Rh7+
1/2-1/2

[Event "World Blitz 2023"]
[Site "Samarkand UZB"]
[Date "2023.12.29"]
[EventDate "2023.12.29"]
[Round "10.20"]
[Result "1-0"]
[White "M Pranesh"]
[Black "Robert Hovhannisyan"]
[WhiteElo "2481"]
[BlackElo "2570"]
[PlyCount "82"]

1. e4 e5 2. Nf3 Nc6 3. Bb5 Nf6 4. d3 Bc5 5. Bxc6 dxc6 6. O-O Bd6 7. Nbd2
Be6 8. Ng5 Bg4 9. f3 Bh5 10. Nc4 Nd7 11. Qe1 h6 12. Nh3 Qe7 13. f4 f6 14.
Be3 b6 15. a4 Bf7 16. fxe5 Nxe5 17. Nxd6+ cxd6 18. Qg3 g5 19. Nf2 Be6 20.
d4 Nd7 21. Nd3 Bc4 22. b3 Ba6 23. c4 Qxe4 24. Nb4 Bb7 25. Qxd6 Qxe3+ 26.
Kh1 O-O-O 27. Rae1 Qxb3 28. Nxc6 Bxc6 29. Qxc6+ Kb8 30. Re7 Qd3 31. Qd6+
Kc8 32. Rc1 Qd2 33. Rg1 Qf4 34. Qd5 Qc7 35. c5 bxc5 36. Rc1 Qb7 37. Qd6 Qb6
38. Qd5 Rhe8 39. Qa8+ Nb8 40. Rxc5+ Qxc5 41. Qb7# 1-0

[Event "World Blitz 2023"]
[Site "Samarkand UZB"]
[Date "2023.12.29"]
[EventDate "2023.12.29"]
[Round "10.21"]
[Result "0-1"]
[White "Ramazan Zhalmakhanov"]
[Black "Levon Aronian"]
[WhiteElo "2427"]
[BlackElo "2772"]
[PlyCount "98"]

1. Nc3 d5 2. d4 Nf6 3. Bf4 Bf5 4. e3 e6 5. Bd3 c6 6. Nf3 Nbd7 7. O-O Bg4 8.
h3 Bh5 9. Bh2 Bb4 10. Nb1 O-O 11. c3 Be7 12. Nbd2 c5 13. Qe2 Rc8 14. g4 Bg6
15. Bxg6 hxg6 16. e4 dxe4 17. Nxe4 Nxe4 18. Qxe4 Qb6 19. Rab1 Rfd8 20. Rfd1
cxd4 21. Nxd4 Bc5 22. b4 Be7 23. Rdc1 Bg5 24. Rc2 Nf6 25. Qe2 Nd5 26. Qf3
Nxc3 27. Rxc3 Rxc3 28. Qxc3 Qxd4 29. Qxd4 Rxd4 30. b5 f6 31. Rb2 e5 32. Bg3
Rc4 33. Kg2 Kf7 34. Rb3 Bc1 35. Rd3 Ke7 36. Rd1 g5 37. f3 Rc2+ 38. Kf1 Be3
39. Be1 Bc5 40. Rd5 b6 41. a4 Ra2 42. a5 Rb2 43. h4 gxh4 44. axb6 axb6 45.
Bxh4 g5 46. Be1 Rxb5 47. Ke2 Rb2+ 48. Kd3 Rb3+ 49. Ke4 Re3+ 0-1

[Event "World Blitz 2023"]
[Site "Samarkand UZB"]
[Date "2023.12.29"]
[EventDate "2023.12.29"]
[Round "10.24"]
[Result "1/2-1/2"]
[White "Savva Vetokhin"]
[Black "Giga Quparadze"]
[WhiteElo "2483"]
[BlackElo "2617"]
[PlyCount "158"]

1. d4 Nf6 2. c4 e6 3. Nf3 b6 4. a3 c6 5. Nc3 d5 6. cxd5 cxd5 7. Bf4 a6 8.
e3 Be7 9. Bd3 Bb7 10. O-O O-O 11. Rc1 Nbd7 12. Qe2 b5 13. Nd2 Nb6 14. Nxb5
axb5 15. Bc7 Qe8 16. Bxb6 b4 17. Bb5 Qb8 18. Bc7 Qa7 19. a4 Ne8 20. Bf4 Qb6
21. Nb3 Nd6 22. Bxd6 Bxd6 23. Nc5 Bc8 24. Nb3 Qb8 25. h3 Bb7 26. a5 e5 27.
a6 Bc8 28. dxe5 Bxe5 29. Nd4 Bxd4 30. exd4 Qb6 31. Rc6 Qa5 32. Rfc1 Bd7 33.
R6c5 Bxb5 34. Qxb5 Qxa6 35. Rxd5 Qa2 36. Qc4 Qxb2 37. Rb5 Ra2 38. Rf1 Ra4
39. d5 h6 40. Rd1 Rd8 41. d6 Ra2 42. Rf5 Qc2 43. Qxc2 Rxc2 44. Rb5 Rc4 45.
Kf1 Re4 46. Rb7 g6 47. g3 h5 48. Kg2 Kf8 49. Kf3 Rc4 50. Rd3 Kg7 51. d7 Kf6
52. Rb3 Rd4 53. R3xb4 R4xd7 54. Rxd7 Rxd7 55. h4 Rd6 56. Rc4 Kg7 57. Rb4 f6
58. Ra4 g5 59. Kg2 g4 60. Ra2 Kg6 61. f3 Rd3 62. fxg4 hxg4 63. Rf2 f5 64.
Rf4 Rd2+ 65. Rf2 Rd4 66. Ra2 Rd6 67. Re2 Kf6 68. Kf2 Rd3 69. Re3 Rd2+ 70.
Re2 Rd1 71. Kg2 Rd3 72. Kf2 f4 73. gxf4 Kf5 74. Kg2 g3 75. Ra2 Kg4 76. f5
Kxf5 77. Ra4 Kg6 78. Rg4+ Kh5 79. Rxg3 1/2-1/2

[Event "World Blitz 2023"]
[Site "Samarkand UZB"]
[Date "2023.12.29"]
[EventDate "2023.12.29"]
[Round "10.25"]
[Result "1/2-1/2"]
[White "Anton Guijarro, David"]
[Black "Bardiya Daneshvar"]
[WhiteElo "2616"]
[BlackElo "2483"]
[PlyCount "42"]

1. e4 e5 2. Nf3 Nc6 3. Bc4 Bc5 4. O-O Nf6 5. d3 d6 6. a4 a6 7. Be3 Bxe3 8.
fxe3 O-O 9. Nbd2 Be6 10. Bxe6 fxe6 11. c3 a5 12. Qb3 Qd7 13. h3 b6 14. Rf2
h6 15. Raf1 Rf7 16. g3 Nh7 17. Qb5 Raf8 18. b4 axb4 19. cxb4 Na7 20. Qxd7
Rxd7 21. Rc1 Nf6 1/2-1/2

[Event "World Blitz 2023"]
[Site "Samarkand UZB"]
[Date "2023.12.29"]
[EventDate "2023.12.29"]
[Round "10.26"]
[Result "0-1"]
[White "Conrad Holt"]
[Black "Dmitry Bocharov"]
[WhiteElo "2592"]
[BlackElo "2482"]
[PlyCount "76"]

1. d4 Nf6 2. c4 e6 3. Nc3 Bb4 4. Qc2 c5 5. dxc5 Qc7 6. a3 Bxc5 7. Nf3 a6 8.
Bg5 Be7 9. e3 d6 10. Be2 Nbd7 11. O-O b6 12. Rfd1 Bb7 13. Rac1 O-O 14. h3
Rac8 15. Qb1 Rfd8 16. Bf4 h6 17. b4 Qb8 18. Na4 Bc6 19. Nc3 Ba8 20. Nd2 Ne5
21. Bxe5 dxe5 22. Qb3 e4 23. Na4 Rc7 24. c5 bxc5 25. bxc5 Bc6 26. Qxb8 Rxb8
27. Nb6 a5 28. Nb3 a4 29. Nd4 Be8 30. Rc4 Rxc5 31. Rdc1 Rxc4 32. Nxc4 Nd5
33. Bd1 Rc8 34. Rc2 Bf6 35. Kf1 Bxd4 36. exd4 Bb5 37. Be2 Nf4 38. Ne3 Rxc2
0-1

[Event "World Blitz 2023"]
[Site "Samarkand UZB"]
[Date "2023.12.29"]
[EventDate "2023.12.29"]
[Round "10.27"]
[Result "0-1"]
[White "Elham Amar"]
[Black "Aryan Tari"]
[WhiteElo "2470"]
[BlackElo "2577"]
[PlyCount "72"]

1. e4 e5 2. Nc3 Nf6 3. f4 d5 4. fxe5 Nxe4 5. Qf3 f5 6. d3 Nxc3 7. bxc3 d4
8. Be2 Nc6 9. Qg3 Be6 10. Nf3 Qd7 11. O-O Bc5 12. c4 O-O-O 13. Ng5 Bxc4 14.
Rxf5 h6 15. Bg4 hxg5 16. dxc4 Kb8 17. e6 d3+ 18. Be3 Bxe3+ 19. Qxe3 Qd4 20.
Qxd4 Nxd4 21. Rd5 dxc2 22. Rc1 c6 23. Rd7 Rxd7 24. exd7 Rf8 25. g3 Kc7 26.
Kg2 a5 27. c5 Rf7 28. h4 gxh4 29. gxh4 Re7 30. Rf1 Ne2 31. Bxe2 Rxe2+ 32.
Kf3 Rd2 33. Rc1 Kxd7 34. Ke3 Rh2 35. Kd3 Ke6 36. Kc3 Ke5 0-1

[Event "World Blitz 2023"]
[Site "Samarkand UZB"]
[Date "2023.12.29"]
[EventDate "2023.12.29"]
[Round "10.28"]
[Result "1-0"]
[White "Jakhongir Vakhidov"]
[Black "Aleksey Grebnev"]
[WhiteElo "2574"]
[BlackElo "2404"]
[PlyCount "162"]

1. c4 c5 2. g3 g6 3. Bg2 Bg7 4. Nc3 Nc6 5. Nf3 Nf6 6. d4 cxd4 7. Nxd4 O-O
8. O-O Qa5 9. Nb3 Qh5 10. Nd5 d6 11. Nf4 Qe5 12. e4 a5 13. a4 Nb4 14. Re1
Bg4 15. f3 Be6 16. Nd5 Bxd5 17. exd5 Qh5 18. Bd2 b6 19. Bf1 Nd7 20. Bc3 Nc5
21. Bxg7 Kxg7 22. Nd4 Rae8 23. f4 Qxd1 24. Rexd1 Rc8 25. Ra3 Rc7 26. Bg2
Rfc8 27. h4 h5 28. Bf3 Nd7 29. b3 Na6 30. Ra2 Nac5 31. Re2 Nf6 32. Re3 Kf8
33. Rde1 Rb7 34. f5 Rbc7 35. fxg6 fxg6 36. Kg2 Kf7 37. Bd1 Rb7 38. Rf1 Nd7
39. Nf3 Nc5 40. Bc2 Kg7 41. Nd4 Rcc7 42. Re2 Rc8 43. Nf3 Rbc7 44. Ng5 Rb7
45. Nh3 Rg8 46. Nf4 Kf7 47. Nh3 Kg7 48. Rf4 Rc7 49. Re3 Kf7 50. Nf2 Kg7 51.
g4 hxg4 52. Nxg4 Nxg4 53. Rxg4 Kh6 54. Reg3 Nd7 55. Rxg6+ Rxg6 56. Rxg6+
Kh5 57. Kg3 Rc8 58. Rg7 Nf6 59. Bf5 Rg8 60. Rxg8 Nxg8 61. Bg4+ Kg6 62. Kf4
Nh6 63. Be2 Kf6 64. Bd3 Nf7 65. h5 Ne5 66. Bc2 Nf7 67. Bb1 Nh6 68. Bg6 Ng8
69. Ke4 Nh6 70. Kd4 Ng4 71. Bb1 Kg5 72. Ke4 Nh6 73. Bc2 Kxh5 74. Kf4 Kh4
75. Bd1 Nf7 76. Kf5 Ne5 77. Ke6 Kg5 78. Kxe7 Kf4 79. Kxd6 Nd3 80. Kc7 Ke5
81. Kxb6 1-0

[Event "World Blitz 2023"]
[Site "Samarkand UZB"]
[Date "2023.12.29"]
[EventDate "2023.12.29"]
[Round "10.29"]
[Result "0-1"]
[White "Gabriel Gaehwiler"]
[Black "Daniel Dardha"]
[WhiteElo "2448"]
[BlackElo "2568"]
[PlyCount "46"]

1. d4 Nf6 2. Nf3 e6 3. c4 d5 4. g3 Bb4+ 5. Bd2 a5 6. Qc2 O-O 7. Bg2 c5 8.
cxd5 cxd4 9. Bxb4 axb4 10. Nxd4 Qb6 11. e3 exd5 12. O-O Nc6 13. Nxc6 bxc6
14. Nd2 h5 15. Rfc1 Bd7 16. Nb3 h4 17. a4 bxa3 18. bxa3 h3 19. Bf3 Rfb8 20.
Nc5 Be8 21. a4 Ra5 22. Qc3 Qa7 23. Ra3 Rxc5 0-1

[Event "World Blitz 2023"]
[Site "Samarkand UZB"]
[Date "2023.12.29"]
[EventDate "2023.12.29"]
[Round "10.30"]
[Result "0-1"]
[White "Andrey Gorovets"]
[Black "Maksim Chigaev"]
[WhiteElo "2418"]
[BlackElo "2561"]
[PlyCount "50"]

1. Nf3 Nf6 2. c4 g6 3. g3 Bg7 4. Bg2 O-O 5. O-O d6 6. d4 c5 7. d5 b5 8.
cxb5 a6 9. bxa6 Bxa6 10. Nc3 Nbd7 11. Qc2 Qb6 12. Rd1 Rfb8 13. Rb1 Ng4 14.
b3 Bxc3 15. Qxc3 Bxe2 16. Bb2 Ngf6 17. Re1 Bxf3 18. Rxe7 Rxa2 19. Rxd7 Rxb2
20. Rxb2 Nxd7 21. Bxf3 Qb4 22. Qxb4 Rxb4 23. Be2 Nb6 24. Ra2 Nxd5 25. Ra8+
0-1

[Event "World Blitz 2023"]
[Site "Samarkand UZB"]
[Date "2023.12.29"]
[EventDate "2023.12.29"]
[Round "10.31"]
[Result "1-0"]
[White "Mikhail Kobalia"]
[Black "Mukhiddin Madaminov"]
[WhiteElo "2558"]
[BlackElo "2460"]
[PlyCount "106"]

1. e4 e5 2. Nf3 Nc6 3. Bb5 a6 4. Ba4 Nf6 5. O-O Nxe4 6. d4 b5 7. Bb3 d5 8.
dxe5 Be6 9. c3 Be7 10. Nbd2 Nc5 11. Bc2 d4 12. Nb3 d3 13. Nxc5 dxc2 14.
Qxd8+ Rxd8 15. Nxe6 fxe6 16. Be3 Rd5 17. Rfc1 Nxe5 18. Nxe5 Rxe5 19. Rxc2
Kf7 20. g3 Rd8 21. c4 b4 22. b3 Rd7 23. Kf1 h5 24. h3 Bf6 25. Re1 Ra5 26.
Ke2 Bg5 27. f4 Bf6 28. Rd1 Rxd1 29. Kxd1 g5 30. Ke2 g4 31. hxg4 hxg4 32. c5
Rb5 33. Kd3 Rb8 34. Ke4 Rd8 35. f5 Re8 36. Bf4 exf5+ 37. Kxf5 Rd8 38. Rd2
Rxd2 39. Bxd2 Bc3 40. Bf4 c6 41. Kxg4 Ke6 42. Kh5 Bd4 43. Bd6 Kf5 44. g4+
Ke4 45. g5 Kd3 46. Be7 Kc2 47. g6 Kb1 48. Kg5 Be3+ 49. Kf5 Bh6 50. Bg5 Bg7
51. Ke6 Bd4 52. Bf6 Bxf6 53. Kxf6 1-0

[Event "World Blitz 2023"]
[Site "Samarkand UZB"]
[Date "2023.12.29"]
[EventDate "2023.12.29"]
[Round "10.32"]
[Result "1-0"]
[White "Alexander Moiseenko"]
[Black "Bobir Sattarov"]
[WhiteElo "2556"]
[BlackElo "2351"]
[PlyCount "116"]

1. d4 Nf6 2. Bg5 c5 3. Nc3 e6 4. d5 d6 5. e4 e5 6. Bb5+ Nbd7 7. a4 Be7 8.
Bxf6 Bxf6 9. Nf3 O-O 10. O-O g6 11. Nd2 Bg7 12. Nc4 Nf6 13. a5 a6 14. Ba4
Nh5 15. Nb6 Rb8 16. Rb1 Kh8 17. b4 cxb4 18. Rxb4 f5 19. Kh1 fxe4 20. Nxe4
Bf5 21. Rc4 Nf4 22. g3 Nh3 23. f3 Bh6 24. Qe2 Rf7 25. c3 Qe7 26. Bc2 Rbf8
27. Bd3 Bg7 28. Nd2 h5 29. Bxf5 Rxf5 30. Rc8 Rxc8 31. Nxc8 Qf8 32. Nb6 g5
33. Kg2 g4 34. fxg4 hxg4 35. Rxf5 Qxf5 36. Ne4 Qg6 37. Nc4 Bf8 38. Nf2 Nxf2
39. Kxf2 Bh6 40. Kg2 Kg7 41. h3 gxh3+ 42. Kxh3 Qh7 43. Kg2 Qg6 44. Kh3 Qh7
45. Nxd6 Bg5+ 46. Kg2 Bf6 47. Ne4 Bd8 48. Qg4+ Kh8 49. Qh3 Bxa5 50. Qc8+
Kg7 51. Qxb7+ Kh6 52. Qxa6+ Kg7 53. Qf6+ Kg8 54. Qe6+ Kf8 55. Qd6+ Kg7 56.
Qxe5+ Kf8 57. Qd6+ Kf7 58. Ng5+ 1-0

[Event "World Blitz 2023"]
[Site "Samarkand UZB"]
[Date "2023.12.29"]
[EventDate "2023.12.29"]
[Round "10.33"]
[Result "1/2-1/2"]
[White "Artem Uskov"]
[Black "Manuel Petrosyan"]
[WhiteElo "2328"]
[BlackElo "2556"]
[PlyCount "144"]

1. e4 e5 2. Nf3 Nc6 3. Bb5 a6 4. Ba4 Nf6 5. O-O Be7 6. Re1 b5 7. Bb3 O-O 8.
h3 Bb7 9. d3 d6 10. c3 Na5 11. Bc2 c5 12. d4 cxd4 13. cxd4 Nd7 14. Nbd2 Rc8
15. Nf1 Qc7 16. Bb1 exd4 17. Nxd4 Bf6 18. Bf4 Nc4 19. b3 Na3 20. Ng3 Qc3
21. e5 dxe5 22. Nde2 Qxa1 23. Bxh7+ Kxh7 24. Qxa1 exf4 25. Qd1 fxg3 26.
Qxd7 gxf2+ 27. Kxf2 Be4 28. Nf4 Bg6 29. Qd6 Nc2 30. Re2 Nd4 31. Rd2 Rfd8
32. Qxa6 Bh4+ 33. g3 Ra8 34. Qb7 Bf6 35. Nd5 Be5 36. Nf4 Bxf4 37. gxf4 Ne6
38. Rxd8 Rxd8 39. Qxb5 Nxf4 40. h4 Ne6 41. h5 Bd3 42. Qe5 Bb1 43. a4 Bc2
44. Qc3 Bd1 45. b4 Bxa4 46. Qc4 Rb8 47. Qe4+ Kg8 48. Qg4 Bc2 49. h6 Bg6 50.
hxg7 Kxg7 51. Qc4 Rd8 52. b5 Bd3 53. Qc3+ Kg8 54. b6 Be4 55. Qg3+ Kf8 56.
Qa3+ Kg8 57. Qg3+ Kf8 58. Qa3+ Kg7 59. Qc3+ Kg6 60. Qe5 Ba8 61. Qg3+ Kf6
62. Qh4+ Ke5 63. Qe7 f5 64. b7 Bxb7 65. Qxb7 Rd2+ 66. Ke3 Rd3+ 67. Kf2 Nd4
68. Qe7+ Ne6 69. Qb4 Rd4 70. Qc3 Kd5 71. Qf3+ Re4 72. Qxf5+ 1/2-1/2

[Event "World Blitz 2023"]
[Site "Samarkand UZB"]
[Date "2023.12.29"]
[EventDate "2023.12.29"]
[Round "10.35"]
[Result "1-0"]
[White "Surya Shekhar Ganguly"]
[Black "Almas Rakhmatullaev"]
[WhiteElo "2549"]
[BlackElo "2218"]
[PlyCount "66"]

1. e4 c5 2. Nf3 e6 3. Nc3 Nc6 4. d4 cxd4 5. Nxd4 Nf6 6. Nxc6 bxc6 7. e5 Nd5
8. Ne4 Qc7 9. f4 Qb6 10. a3 f5 11. exf6 Nxf6 12. Nxf6+ gxf6 13. Bd3 Ba6 14.
Qh5+ Kd8 15. Bd2 c5 16. Bxa6 Qxa6 17. Bc3 Be7 18. O-O-O Qc6 19. Rhe1 Kc7
20. Re3 Rae8 21. f5 e5 22. Qf7 Rhf8 23. Qc4 d6 24. Rg3 Kb8 25. Rg7 Bd8 26.
b4 Re7 27. Rxe7 Bxe7 28. Qe6 Re8 29. bxc5 Qxc5 30. Bb4 Qe3+ 31. Kb2 d5 32.
Rxd5 Rc8 33. Rb5+ 1-0

[Event "World Blitz 2023"]
[Site "Samarkand UZB"]
[Date "2023.12.29"]
[EventDate "2023.12.29"]
[Round "10.36"]
[Result "0-1"]
[White "Artem Pingin"]
[Black "Evgeniy Najer"]
[WhiteElo "2358"]
[BlackElo "2545"]
[PlyCount "74"]

1. e4 e6 2. d4 d5 3. Nc3 Nf6 4. Bg5 h6 5. Bxf6 Qxf6 6. exd5 Bb4 7. Bb5+ c6
8. dxc6 bxc6 9. Bc4 O-O 10. Ne2 c5 11. dxc5 Bb7 12. O-O Rd8 13. Qc1 Bxc5
14. Ng3 Qh4 15. Bd3 Nc6 16. Nce4 Bb6 17. Re1 Ne5 18. Bf1 Ng4 19. h3 Nxf2
20. Nxf2 Qxg3 21. Re2 Rd5 22. c4 Rf5 23. Qe1 h5 24. b4 Bc7 25. Ng4 hxg4 26.
Qxg3 Bxg3 27. hxg4 Rf4 28. Rd2 Rxg4 29. Rad1 g6 30. Rd7 Be4 31. b5 Kg7 32.
Rd8 Rxd8 33. Rxd8 Bc7 34. Rc8 Be5 35. Rd8 Bf4 36. Kf2 Bg5 37. a4 Bxd8 0-1

[Event "World Blitz 2023"]
[Site "Samarkand UZB"]
[Date "2023.12.29"]
[EventDate "2023.12.29"]
[Round "10.37"]
[Result "1-0"]
[White "Sergey Grigoriants"]
[Black "Haowen Xue"]
[WhiteElo "2532"]
[BlackElo "2155"]
[PlyCount "98"]

1. c4 e6 2. Nc3 d5 3. d4 Nf6 4. cxd5 exd5 5. Bg5 Be7 6. e3 Nbd7 7. Bd3 O-O
8. Nf3 h6 9. Bf4 c6 10. h3 Re8 11. O-O Nf8 12. Qc2 Ne6 13. Bh2 Bd6 14. Ne5
a6 15. Rad1 Qc7 16. Bf5 Ng5 17. Bf4 Bxf5 18. Qxf5 Nge4 19. Nxe4 Nxe4 20. f3
Ng5 21. Bxg5 hxg5 22. f4 f6 23. Ng4 gxf4 24. exf4 Re4 25. Qg6 Kf8 26. Qh7
Qf7 27. Rde1 Rae8 28. Rxe4 Rxe4 29. Qh8+ Qg8 30. Qh5 Bxf4 31. Qf5 Be3+ 32.
Nxe3 Rxe3 33. Qc8+ Re8 34. Qxb7 Qe6 35. Qxa6 Qe3+ 36. Kh1 Qxd4 37. Qxc6 Re2
38. a4 Rxb2 39. Qc8+ Kf7 40. Qd7+ Kg6 41. Qf5+ Kf7 42. Rc1 Rb7 43. a5 Qe4
44. Qh5+ Ke7 45. Qh8 Ke6 46. Qc8+ Rd7 47. a6 Ke7 48. a7 Qe3 49. a8=Q 1-0

[Event "World Blitz 2023"]
[Site "Samarkand UZB"]
[Date "2023.12.29"]
[EventDate "2023.12.29"]
[Round "10.38"]
[Result "0-1"]
[White "Iturrizaga Bonelli, Eduardo"]
[Black "Kazybek Nogerbek"]
[WhiteElo "2645"]
[BlackElo "2488"]
[PlyCount "52"]

1. c4 e6 2. Nf3 d5 3. e3 Nf6 4. Nc3 Be7 5. b3 O-O 6. Bb2 c5 7. cxd5 exd5 8.
d4 Nc6 9. Be2 Ne4 10. O-O Bf6 11. Rc1 cxd4 12. exd4 Bf5 13. Na4 Re8 14. a3
Bg4 15. b4 Qd6 16. h3 Bh5 17. Nc5 b6 18. Nb3 Rac8 19. Re1 h6 20. Qd3 Rc7
21. Rc2 Bg6 22. Qd1 Nxf2 23. Kxf2 Bxc2 24. Qxc2 Nxd4 25. Qd3 Nxf3 26. Bxf3
Bh4+ 0-1

[Event "World Blitz 2023"]
[Site "Samarkand UZB"]
[Date "2023.12.29"]
[EventDate "2023.12.29"]
[Round "10.39"]
[Result "0-1"]
[White "Andrew Hong"]
[Black "Andrey Esipenko"]
[WhiteElo "2460"]
[BlackElo "2615"]
[PlyCount "66"]

1. e4 e5 2. Nf3 Nc6 3. Bb5 a6 4. Ba4 Nf6 5. O-O Be7 6. Re1 b5 7. Bb3 O-O 8.
a4 Rb8 9. c3 b4 10. d4 d6 11. h3 bxc3 12. bxc3 exd4 13. cxd4 d5 14. e5 Ne4
15. Nbd2 Bf5 16. Ba3 Nxd2 17. Nxd2 Nxd4 18. Bxe7 Qxe7 19. Rc1 Rfd8 20. Re3
c5 21. Nf3 Nxf3+ 22. Qxf3 Be4 23. Qf4 Rb4 24. Rg3 Bc2 25. Qh6 Bg6 26. Qd2
c4 27. Bc2 Rb2 28. f4 d4 29. Qd1 Rxc2 30. Rxc2 Bxc2 31. Qxc2 d3 32. Qd2 c3
33. Qxc3 0-1

[Event "World Blitz 2023"]
[Site "Samarkand UZB"]
[Date "2023.12.29"]
[EventDate "2023.12.29"]
[Round "10.40"]
[Result "1-0"]
[White "Kacper Piorun"]
[Black "Arystanbek Urazayev"]
[WhiteElo "2589"]
[BlackElo "2408"]
[PlyCount "70"]

1. d4 d5 2. Nf3 Nf6 3. e3 e6 4. Bd3 b6 5. b3 Bb7 6. Bb2 Be7 7. O-O O-O 8.
Qe2 c5 9. Nbd2 Nc6 10. a3 Rc8 11. Ne5 Nxe5 12. dxe5 Ne4 13. Rad1 Nxd2 14.
Rxd2 Qc7 15. c4 Rfd8 16. f4 dxc4 17. bxc4 g6 18. e4 Rd7 19. Bc2 Rxd2 20.
Qxd2 Rd8 21. Qe2 a6 22. a4 b5 23. axb5 axb5 24. cxb5 c4 25. Bc3 Bc5+ 26.
Kh1 Bd4 27. Bb4 Rc8 28. Bd6 Qb6 29. f5 Qxb5 30. Rb1 Qc6 31. Qd2 Bc5 32.
Bxc5 Qxc5 33. Rxb7 Qxe5 34. Qd7 Rf8 35. fxe6 1-0